000 00633nam a2200193 a 4500
001 000042749
005 20201002040353.0
008 140206s1976 sp 000 0 spa d
020 _a8470572024
040 _aDO-SdBNP
_bspa
_cBNPHU
082 _axxx
_bG633c
100 1 _aGómez Caffarena, José
_967998
245 1 0 _a¿Cristianos, hoy? :
_bdiagnóstico y perspectivas de una crisis /
_cJosé Gómez Caffarena.
260 _aMadrid :
_bCristiandad,
_c1976.
300 _a292 p. ;
_c18 cm.
490 1 _aEpifanía
_v32
500 _aIncluye referencias bibliográficas y notas al pie de las páginas
830 0 _aEpifanía
_n32
_970072
999 _c42238
_d42238